Averting the Old Age Crises (Record no. 3090)

MARC details
000 -LEADER
fixed length control field 00363nam a22001337a 4500
008 - FIXED-LENGTH DATA ELEMENTS--GENERAL INFORMATION
fixed length control field 250422b |||||||| |||| 00| 0 eng d
020 ## - INTERNATIONAL STANDARD BOOK NUMBER
ISBN 0195209966
100 ## - MAIN ENTRY--AUTHOR
Author A World Bank Policy Research Report
245 ## - TITLE STATEMENT
Title Averting the Old Age Crises
260 ## - PUBLICATION, DISTRIBUTION, ETC. (IMPRINT)
Place of publication New York
Name of publisher Oxford University Press
Date of publication 1994
300 ## - COLLATION
Pagination xxiii, 402p.
942 ## - ADDED ENTRY ELEMENTS (KOHA)
Item type Books
050 ## - LIBRARY OF CONGRESS CALL NUMBER
Classification number HD7105
Item number .A83
Holdings
Source of classification or shelving scheme Not for loan Permanent location Current location Date acquired Accession No. Full call number Barcode. Koha item type
Library of Congress Classification   Samuel Ogbemudia Main Library, University of Abuja Samuel Ogbemudia Main Library, University of Abuja 04/22/2025 99-018942 HD7105.A83 2025-1501 Books